000 00647nam a22002057a 4500
003 OSt
005 20201124142000.0
008 111101s1980 ua|||||r|||| 000 0 ara d
020 _a9772660504
040 _aEG-BUE
082 _222
_bز ي ا
_a150
100 _927706
_aالزيادي ، محمد
245 _aأسس علم النفس العام /
_cمحمود الزيادي
260 _aالقاهرة :
_bمكتبة الأنجلو المصرية، 1980
_c1980
300 _a333 ص ؛
_c24 سم
504 _aيشتمل على إرجاعات ببليوجرافية ص 329-333
651 _2BUEsh
653 _cOctober2011
942 _2ddc
_cBB
999 _c16187
_d16187